Nejlepší kniha o fake news, dezinformacích a manipulacích!!! /
Média, politici, sociální sítě - ze všech těchto zdrojů se na nás neustále valí dohady o tom, kdo, jak a proč se nás snaží dezinformovat. Co ale často opakovaná spojení fake news, dezinformace a alternativní fakta zahrnují? Jak je možné, že fungují? Kdo a proč je vypouští? A co je hlavní, jak se pro...
Uloženo v:
| Hlavní autor: | |
|---|---|
| Korporativní autor: | |
| Další autoři: | |
| Médium: | E-kniha |
| Jazyk: | Czech |
| Vydáno: |
Brno :
CPress,
2018
|
| Vydání: | 1. vydání |
| Témata: | |
| Tagy: |
Žádné tagy |
| LEADER | 02971nam a2200577 i 4500 | ||
|---|---|---|---|
| 001 | 310863 | ||
| 003 | CZ PrSKC | ||
| 005 | 20260601215656.0 | ||
| 007 | ta | ||
| 008 | 180115s2018 xr a e f 000 0 cze | ||
| 015 | |a cnb002969983 | ||
| 020 | |a 9788026418054 |q (vázáno) : |c Kč 299,00 | ||
| 035 | |a (OCoLC)1028199843 | ||
| 040 | |a BOA001 |b cze |e rda | ||
| 072 | 7 | |a 316.4/.7 |x Sociální interakce. Sociální komunikace |2 Konspekt | |
| 080 | |a 316.776-021.191 |2 MRF | ||
| 080 | |a 323.23 |2 MRF | ||
| 080 | |a 316.628 |2 MRF | ||
| 080 | |a 316.774:316.3 |2 MRF | ||
| 080 | |a (0.062) |2 MRF | ||
| 100 | 1 | |a Gregor, Miloš, |d 1987- |7 mub2017973934 |4 aut | |
| 245 | 1 | 0 | |a Nejlepší kniha o fake news, dezinformacích a manipulacích!!! / |c Miloš Gregor, Petra Vejvodová a Zvol si info |
| 246 | 1 | |i Název v tiráži: |a Nejlepší kniha o fake news!!! | |
| 250 | |a 1. vydání | ||
| 264 | 1 | |a Brno : |b CPress, |c 2018 | |
| 300 | |a 142 stran : |b ilustrace (převážně barevné) ; |c 24 cm | ||
| 336 | |a text |b txt |2 rdacontent | ||
| 337 | |a bez média |b n |2 rdamedia | ||
| 338 | |a svazek |b nc |2 rdacarrier | ||
| 520 | 2 | |a Média, politici, sociální sítě - ze všech těchto zdrojů se na nás neustále valí dohady o tom, kdo, jak a proč se nás snaží dezinformovat. Co ale často opakovaná spojení fake news, dezinformace a alternativní fakta zahrnují? Jak je možné, že fungují? Kdo a proč je vypouští? A co je hlavní, jak se proti nim můžeme bránit? Tato kniha nás dovede k tomu, jak nad záplavou informací, která se na nás denně valí, přemýšlet kriticky, ale bez zbytečné paranoie. Nakladatelská anotace. Kráceno. | |
| 520 | 2 | |a Publikace věnovaná fake news, propagandě, dezinformacím ve světě sociálních sítí a sociálních bublin. | |
| 650 | 0 | 7 | |a fake news |7 ph981589 |2 czenas |
| 650 | 0 | 7 | |a dezinformace |7 ph138026 |2 czenas |
| 650 | 0 | 7 | |a propaganda |7 ph124645 |2 czenas |
| 650 | 0 | 7 | |a manipulace (psychologie) |7 ph122611 |2 czenas |
| 650 | 0 | 7 | |a masmédia a společnost |7 ph551078 |2 czenas |
| 650 | 0 | 9 | |a fake news |2 eczenas |
| 650 | 0 | 9 | |a disinformation |2 eczenas |
| 650 | 0 | 9 | |a propaganda |2 eczenas |
| 650 | 0 | 9 | |a manipulation (psychology) |2 eczenas |
| 650 | 0 | 9 | |a mass media and society |2 eczenas |
| 655 | 7 | |a populárně-naučné publikace |7 fd131864 |2 czenas | |
| 655 | 9 | |a popular works |2 eczenas | |
| 700 | 1 | |a Mlejnková, Petra, |d 1984- |7 xx0144777 |4 aut | |
| 710 | 2 | |a Zvol si info (projekt) |7 mzk2018980128 |4 aut | |
| 900 | |a ABA001 |b 21 | ||
| 928 | 9 | |a Albatros Media - CPress | |
| 044 | |a xr | ||
| 910 | |a RBIT002 | ||
| 998 | |d 177322 |a https://core.palmknihy.cz/api/books/177322/cover?p2ral7 |b https://core.palmknihy.cz/api/books/177322/cover/400?p2ral7 |c https://core.palmknihy.cz/api/books/177322/cover/50?p2ral7 |e 3999-12-31 |g 144 |i 9788026418054 |j https://core.palmknihy.cz/api/books/177322/preview.epub |k https://core.palmknihy.cz/api/books/177322/preview.pdf |l |q 49 |r 1 |s https://www.palmknihy.cz/kniha/177322 |t ebook |y 2018 |z 0 | ||
| 999 | |d 310861 | ||